Mathematical Logic /

Contenido: Cálculo de proposiciones; Cálculo de predicados; Cálculo de predicados con igualdad; Los fundamentos de las matemáticas; Computabilidad y decidibilidad.

保存先:
書誌詳細
第一著者: Cole Kleene, Stephen (autor)
フォーマット: 図書
言語:英語
出版事項: Nueva York, EUA : Dover, 2002, c2002
主題:
タグ: タグ追加
タグなし, このレコードへの初めてのタグを付けませんか!

MARC

LEADER 00000nam^a2200000^a^4500
001 000152728
005 20250521000000.0
009 20260310100255.349
020 |a 0-486-42533-9 
037 |a Acervo ITESO - Biblioteca 
041 |a ING 
082 |a 511. 3  |b COL 
100 |a Cole Kleene, Stephen  |e (autor) 
245 1 0 |a Mathematical Logic /  |c S. Cole Kleene. 
264 4 |a Nueva York, EUA :  |b Dover,  |c 2002, c2002 
300 |a XIII, 398 p. 
336 |a texto  |b txt  |2 rdacontenido 
337 |a sin mediación  |b n  |2 rdamedio 
338 |a volumen  |b nc  |2 rdasoporte 
520 |a Contenido: Cálculo de proposiciones; Cálculo de predicados; Cálculo de predicados con igualdad; Los fundamentos de las matemáticas; Computabilidad y decidibilidad. 
649 |a XX 
650 |a Teoría de la Indecisibilidad 
650 |a Cálculo de Predicados 
650 |a Cálculo de Proposiciones 
650 |a Lógica Matemática 
650 |a Matemáticas -  |x Fórmulas 
650 |a Matemáticas -  |x Fundamentos 
650 |a Matemáticas 
910 |a Fondo General 
920 |a Impresos - Libros 
930 |a Colección General 
905 |a 101 
901 |a 0500081962  |b IT1  |c ACC  |u 20250521 
902 |a https://opac.biblio.iteso.mx/vufind/Record/000152728